000 01261nab a2200229 i 4500
001 768714001
003 CO-MdFUSB
005 20240524162506.0
008 240524t1975 sp ||||| |||| 00| 0 spa d
040 _bspa
_cCO-MdFUSB
_dCO-MdFUSB
041 _aspa
100 _aSchlette, Heinz Robert,
_d1931-
_eautor
245 3 _aLa autoridad de los intelectuales
_c/ Heinz Robert Schlette ; traducido por Alfonso de la Fuente
520 _a¿Es serio opinar sobre «la autoridad de los intelectuales»? ¿No se trata de un tema inagotable que desemboca en palabrería abstracta? ¿No es en sí mismo una contradicción? Puede servirme de disculpa el hecho de que también otros se han adentrado y se adentran en este resbaladizo terreno. Lo que intento aquí es exponer adecuadamente el problema y aclarar luego mi opinión con ayuda de algunos ejemplos.
650 7 _aFilosofía y religión
_9198
650 2 _aConciencia (Moral)
_9927
650 7 _aHumanismo
_97308
700 _aFuente, Alfonso de la, ‎
_etraductor
773 0 _049450
_982682
_oR2591
_tRevista internacional de teología Concilium
_w(CO-MdFUSB)8
_x0210-1041
_gVolumen 101, (enero, 1975) páginas: 53 - 64
_qpáginas: 53
942 _cANA
945 _aCatherine Arias Álvarez - Practicante SENA
999 _c69910
_d69910